Terytoria zależne w europie - Statystyki

Ogólne statystyki
  • Ten quiz został rozwiązany 45 razy
  • Średni wynik to 4 z 6
Statystyki odpowiedzi
Hint Odpowiedź % Poprawnych
Dania Wyspy Owcze
98%
Wielka Brytania Wyspa Man
80%
Norwegia Svalbard
75%
Wielka Brytania Jersey
65%
Wielka Brytania Guernsey
58%
Wielka Brytania Gibraltar
55%
Nie znaleziono quizów pasujących do podanych kryteriów
Rozkład punktacji
Procent ludzi z każdym wynikiem
Percentyl według liczby udzielonych odpowiedzi
Twoja historia wyników
Nie rozwiązałeś tego quizu